00333nam a22000977a 4500008004100000020001500041082002100056245009500077260005500172300000800227230626b xxu||||| |||| 00| 0 eng d a9987666329 a337.11bEAC 2005 aReport of the Fifth Summit of the East African Community Heads of StatebArusha, Tanzania  aTanzania bEast African Community Secretaiatc2005 a23p